Представление документа в формате RUSMARC

ПолеНазваниеЗначение
  Тип записи a
  Библиографический уровень m
001 Контрольный номер RU/REG73/CBS_GRAD/d530c2366c2a4a4498bff1f3e80e3818
005 Дата корректировки 20230815100334.6
100 Данные общей обработки __
a Данные общей обработки 20230815d 0rusy0189## ca
101 Язык документа 0_
a Язык текста rus
102 Страна публикации __
a Страна публикации RU
200 Заглавие и сведения об ответственности 1_
a Заглавие "Они питали мою музу...": книги в жизни ти творчестве писателей
f Первые сведения об ответственности составитель С.А. Розанова
203 Вид содержания и тип средства __
a Вид содержания Текст
c Тип средства непосредственный
210 Выходные данные 1_
a Место издания Москва
c Издательство Книга
d Дата издания 1986
215 Физическое описание __
a Объем 255 с
686 Индексы других классификаций __
a Классификационный индекс 76.1
801 Источник записи _0
a Страна RU
b Организация RuCBSGrad
c Дата составления 20230815
g Правила каталогизации RCR
801 Источник записи _1
a Страна RU
b Организация RuCBSGrad
c Дата составления 20230815
g Правила каталогизации RCR
852 Данные о местонахождении __
i Авторский знак О-58
901 Тип документа __
t Тип документа m